000 00979nam a22002177a 4500
008 100616t xxu||||| |||| 00| 0 eng d
020 _a9771455109
082 _222
_a247
_bن م ر
100 _914830
_aالنمر،عبد المنعم
245 _aالشيعة - المهدي - الدروز . تاريخ ووثائق /
_cعبد المنعم النمر
260 _aالقاهرة:
_bدار الحرية،1987
_c1987.
300 _a283ص ؛
_c24سم.
490 _914831
_a ؛كتاب الحرية
_v15.
500 _aإهداء من الدكتور علاء عبد الغنى
500 _aيحتوى على ملاحق
650 _913293
_aالشيعة
650 _914827
_aالدروز (الشيعة)
650 _914849
_aالمهدي المنتظر (شيعة)
942 _2ddc
_cBB
999 _c14102
_d14102